BTS Discography Quiz (2025) - Statistics

General Stats
  • This quiz has been taken 6,006 times
    2,303 since last reset
  • The average score is 154 of 323
Answer Stats
Answers % Correct
N.O
96%
Butter
92%
Outro: Tear
92%
Trivia 承 : Love
92%
Run
89%
Outro: Ego
88%
Outro: Her
88%
ON
86%
Seven (feat. Latto)
85%
상남자 Boy In Luv
84%
No More Dream
84%
Dynamite
84%
Intro: Serendipity
83%
Outro: Wings
83%
Intro: Singularity
82%
Boy With Luv (ft. Halsey)
81%
좋아요 I Like It
80%
I Like It Pt.2
80%
Introduction: Youth
80%
Intro: Persona
80%
We are bulletproof: the Eternal
80%
Outro: House Of Cards
79%
We Are Bulletproof Pt.2
79%
Fake Love
78%
Interlude: Wings
78%
Danger
77%
DNA
77%
Intro: Boy Meets Evil
75%
Life
75%
Run BTS
75%
I Need U
74%
Interlude: Set me free
74%
Spring Day
74%
Airplane
73%
Airplane Pt.2
73%
불타오르네 Fire
73%
IDOL (ft Nicki Minaj)
73%
Intro: 2 Cool 4 Skool
73%
Permission to Dance
73%
BTS Cypher 4
72%
BTS Cypher Pt.1
72%
BTS Cypher Pt.2: Triptych
72%
BTS Cypher Pt.3: Killer (Feat. Supreme Boi)
72%
Euphoria
72%
IDOL
72%
Life Goes On
72%
Standing Next to You
72%
Intro: Skool Luv Affair
71%
MIC Drop
71%
3D (feat. Jack Harlow)
70%
Black Swan
70%
Blue
70%
Blue Side (Outro)
70%
Intro: Nevermind
70%
Intro: O!RUL8,2?
70%
Intro: 화양연화 The Most Beautiful Moment In Life
70%
Lie
70%
Outro: Love Is Not Over
70%
Moon
69%
Rebirth (Intro)
69%
Save Me
69%
Intro: Ringwanderung
68%
Intro: What Am I To You?
68%
Outro: Circle Room Cypher
68%
Outro: Luv In Skool
68%
Outro: Propose
68%
Agust D
67%
Butterfly
67%
Coffee
67%
HOME
67%
Interlude: Shadow
67%
Intro
67%
Intro: Calling
67%
Intro: Dt SugA (Feat. DJ Friz)
67%
Outro: Crack
67%
Outro: 그게 말이 돼? Does That Make Sense?
67%
Outro: The Journey
67%
Rain
67%
호르몬 전쟁 War Of Hormone
67%
Who
67%
쩔어 Dope
66%
Epilogue: Young Forever
66%
Friends
66%
Fri(end)s
66%
Outro
66%
Stay
66%
Not Today
65%
Pied Piper
65%
바다 Sea
65%
Anpanman
64%
Dionysus
64%
Filter
64%
Mikrokosmos
64%
Trivia 轉 : Seesaw
64%
뱁새 Baepsae
63%
보조개 Dimple
63%
Epiphany
63%
Jump
62%
Daechwita
61%
고민보다 Go
61%
하루만 Just One Day
61%
More
61%
Set Me Free Pt.2
61%
피 땀 눈물 Blood Sweat And Tears
60%
Like Crazy
60%
Magic Shop
60%
Serendipity (Full Length Edition)
60%
Arson
59%
Begin
59%
Blue & Grey
57%
I'm Fine
57%
MAMA
57%
길 Path
57%
Trivia 起 : Just Dance
57%
UGH!
57%
Interlude : Dawn
56%
Interlude : Showtime
56%
Interlude: 뭐해 What Are You Doing
56%
Stigma
56%
00:00 (Zero O'Clock)
55%
Interlude
55%
? (Interlude)
55%
Interlude: Dream, Reality
55%
Make It Right
55%
My Time
55%
Yet to Come
55%
For You
54%
Skit: Circle Room Talk
54%
134340
53%
진격의 방탄 Attack On Bangtan
53%
House Of Cards (Full Length Edition)
53%
Jamais Vu
53%
Love Maze
53%
skit
53%
Skit
53%
Skit: Billboard Music Awards Speech
53%
Skit: Expectation!
53%
Skit: 망설임과 두려움 Hesitation & Fear
53%
Skit: One Night In A Strange City
53%
Skit: On The Start Line
53%
Skit: R U Happy Now?
53%
Skit: Soulmate
53%
21세기 소녀 21st Century Girl
52%
Awake
52%
Dis-ease
52%
Lost
52%
LOST!
52%
So What
52%
등골브레이커 Spine Breaker
52%
Tomorrow
52%
Best Of Me
51%
전하지 못한 진심 (ft. Steve Aoki) The Truth Untold
51%
낙원 Paradise
51%
Stay Gold
51%
Born Singer
50%
Closer
50%
Converse High
50%
Daydream 백일몽
50%
Haegeum
50%
Hope World
50%
둘! 셋! (그래도 좋은 날이 더 많기를) Two! Three! (Because we have more better days)
50%
Wild Flower
50%
Answer: Love Myself
49%
고엽 Dead Leaves
49%
Ma City
49%
흥탄소년단 Boyz With Fun
48%
Heartbeat
48%
Louder than bombs
48%
People Pt.2
48%
Yes or No
48%
Hate You
47%
Inner Child
47%
Change pt.2
46%
D-Day
46%
First Love
46%
Fly To My Room
46%
seoul (prod. HONNE)
46%
Slow Dancing
46%
People
45%
Crystal Snow
44%
Film Out
44%
Music Box : Reflection
44%
Whalien 52
44%
on the street (solo version)
43%
on the street (with. J.Cole)
43%
Reflection
43%
A Supplementary Story: You Never Walk Alone
42%
Love Me Again
42%
Telepathy
42%
All Night
41%
For Youth
41%
Rainy Days
41%
Shot Glass of Tears
41%
Still with You
41%
Dream Glow
40%
Lights
40%
Respect
40%
Am I Wrong
39%
Don't Leave Me
39%
Face-off
39%
잡아줘 Hold Me Tight
39%
Miss Right
39%
Wake Up
39%
AMYGDALA
38%
Closer to You
38%
Please Don't Change
37%
Promise
37%
Somebody
37%
Alone
36%
Let Go
36%
Let Me Know
36%
tokyo
36%
We On
36%
이불킥 Blanket Kick
35%
Ddaeng
35%
moonchild
35%
팔도강산 Satoori Rap
35%
24/7=Heaven
34%
힙합성애자 Hip Hop Phile
34%
Nuts
34%
Too Sad to Dance
34%
Winter Bear
34%
Your Eyes Tell
34%
Come back to me
33%
Running Wild
33%
Still Life
33%
A Brand New Day
32%
Do You
32%
= (Equal Sign)
32%
If I Ruled The World
32%
Neuron
32%
Pandora's Box
32%
Tony Montana (Feat. Yankie)
32%
Burn It
31%
항상 HANGSANG
31%
2학년 Second Grade
30%
Be Mine
30%
Chicken Noodle Soup (feat. Becky G)
30%
이사 Moving On
30%
Give It To Me
29%
HUH?!
29%
I'll Be There
29%
I wonder...
29%
여기 봐 Look Here
29%
Snooze
29%
So Far Away (Feat. Suran)
29%
Love Is Not Over (Full Length Edition)
28%
Slow Dance (feat. Sofia Carson)
28%
Take Two
28%
The Astronaut
28%
핸드폰 좀 꺼줄래 Could You Turn Off Your Phone Please
27%
forever rain
27%
For Us
27%
Groin
26%
Heaven
25%
Lonely
25%
Moonlight
25%
P.O.P (Piece Of Peace) Pt.1
25%
What if...
25%
what if....
25%
28
24%
Closer Than This
24%
Heart on the Window (with Wendy)
24%
lock / unlock
24%
Smeraldo Garden Marching Band (feat. Loco)
24%
The Stars
24%
어디에서 왔는지 Where You From?
24%
Yun
24%
Base Line
23%
Dear my Friend
23%
My You
23%
Abyss
22%
Bicycle
22%
Future
22%
SDL
22%
마지막 The Last
22%
All Day
21%
Good Day
21%
Polar Night
21%
Right People, Wrong Place
21%
i don't know
20%
농담 Joke
20%
No.2
20%
Stop
20%
Strange
20%
Wishing On A Star
20%
4 O'Clock
19%
Letter
19%
Monster
19%
어긋 uhgood
19%
What do you think?
19%
badbye (with 아이언)
18%
Dreamers
18%
everythingoes (with Nell)
18%
Hectic
18%
Domodachi
17%
Falling
17%
Honsool
16%
Safety Zone
16%
Tonight
16%
Another Level
15%
ㅠㅠ (Credit Roll)
15%
Never Let Go
15%
Snow Flower
15%
Christmas Love
14%
Forg_tful
14%
Scenery
14%
Around the world in a day
13%
God Rap
13%
I will come to you
13%
out of love
12%
Quotation Mark
12%
Rush
12%
Young Love
12%
140503 새벽에 140503 at dawn
11%
각성 Awakening
10%
I Believe
10%
목소리 Voice
10%
치리사일사팔 724148
9%
버려 Throw Away
8%
표류 Drifting
5%
No matching quizzes found
Score Distribution
Percent of People with Each Score
Percentile by Number Answered
Your Score History
You have not taken this quiz since the last reset